MARC details
| 000 -LEADER |
| fixed length control field |
01874cam a2200409 a 4500 |
| 001 - CONTROL NUMBER |
| control field |
15631156 |
| 003 - CONTROL NUMBER IDENTIFIER |
| control field |
OSt |
| 005 - DATE AND TIME OF LATEST TRANSACTION |
| control field |
20230605092437.0 |
| 008 - FIXED-LENGTH DATA ELEMENTS--GENERAL INFORMATION |
| fixed length control field |
090219r20081935nyu b 000 0 eng d |
| 010 ## - LIBRARY OF CONGRESS CONTROL NUMBER |
| LC control number |
2009293383 |
| 020 ## - INTERNATIONAL STANDARD BOOK NUMBER |
| International Standard Book Number |
9780451531001 |
| 020 ## - INTERNATIONAL STANDARD BOOK NUMBER |
| International Standard Book Number |
0451531000 |
| 024 30 - OTHER STANDARD IDENTIFIER |
| Standard number or code |
9780451531001 |
| Additional codes following the standard number or code |
50395 |
| 035 ## - SYSTEM CONTROL NUMBER |
| System control number |
(OCoLC)ocn183268053 |
| 040 ## - CATALOGING SOURCE |
| Original cataloging agency |
BTCTA |
| Transcribing agency |
BTCTA |
| Modifying agency |
BAKER |
| -- |
IEF |
| -- |
DLC |
| 041 1# - LANGUAGE CODE |
| Language code of text/sound track or separate title |
eng |
| Language code of original |
ita |
| 042 ## - AUTHENTICATION CODE |
| Authentication code |
lccopycat |
| 082 04 - DEWEY DECIMAL CLASSIFICATION NUMBER |
| Classification number |
320.1 |
| Item number |
MAC |
| 100 1# - MAIN ENTRY--PERSONAL NAME |
| Personal name |
Machiavelli, Niccolò, |
| Dates associated with a name |
1469-1527. |
| 240 10 - UNIFORM TITLE |
| Uniform title |
Principe. |
| Language of a work |
English |
| 245 14 - TITLE STATEMENT |
| Title |
The prince / |
| Statement of responsibility, etc. |
Niccolò Machiavelli ; with an introduction by Christian Gauss and a new afteword by Regina Barreca ; the Oxford University Press "World's Classics" translation by Luigi Ricci, revised by E. R. P. Vincent. |
| 260 ## - PUBLICATION, DISTRIBUTION, ETC. (IMPRINT) |
| Place of publication, distribution, etc. |
New York : |
| Name of publisher, distributor, etc. |
Signet Classic, |
| Date of publication, distribution, etc. |
c2008. |
| 300 ## - PHYSICAL DESCRIPTION |
| Extent |
xxxiv, 126 p. ; |
| Dimensions |
18 cm. |
| 500 ## - GENERAL NOTE |
| General note |
"The Classic Analysis of Statesmanship and Power with a New Afterword by Regina Barreca"--Cover. |
| 500 ## - GENERAL NOTE |
| General note |
Originally published: London : Oxford University Press, 1935, in series: The world's classics ; 63. With new introd. and afterword. |
| 504 ## - BIBLIOGRAPHY, ETC. NOTE |
| Bibliography, etc |
Includes bibliographical references (p. 125-126). |
| 650 #0 - SUBJECT ADDED ENTRY--TOPICAL TERM |
| Topical term or geographic name as entry element |
Political science |
| Form subdivision |
Early works to 1800. |
| 650 #0 - SUBJECT ADDED ENTRY--TOPICAL TERM |
| Topical term or geographic name as entry element |
Political ethics |
| Form subdivision |
Early works to 1800. |
| 700 1# - ADDED ENTRY--PERSONAL NAME |
| Personal name |
Ricci, Luigi, |
| Dates associated with a name |
1842-1915. |
| 700 1# - ADDED ENTRY--PERSONAL NAME |
| Personal name |
Vincent, Eric Reginald Pearce, |
| Dates associated with a name |
1894- |
| 856 42 - ELECTRONIC LOCATION AND ACCESS |
| Materials specified |
Publisher description |
| Uniform Resource Identifier |
<a href="http://www.loc.gov/catdir/enhancements/fy0905/2009293383-d.html">http://www.loc.gov/catdir/enhancements/fy0905/2009293383-d.html</a> |
| 856 42 - ELECTRONIC LOCATION AND ACCESS |
| Materials specified |
Contributor biographical information |
| Uniform Resource Identifier |
<a href="http://www.loc.gov/catdir/enhancements/fy1204/2009293383-b.html">http://www.loc.gov/catdir/enhancements/fy1204/2009293383-b.html</a> |
| 856 41 - ELECTRONIC LOCATION AND ACCESS |
| Materials specified |
Sample text |
| Uniform Resource Identifier |
<a href="http://www.loc.gov/catdir/enhancements/fy1505/2009293383-s.html">http://www.loc.gov/catdir/enhancements/fy1505/2009293383-s.html</a> |
| 906 ## - LOCAL DATA ELEMENT F, LDF (RLIN) |
| a |
7 |
| b |
cbc |
| c |
copycat |
| d |
2 |
| e |
ncip |
| f |
20 |
| g |
y-gencatlg |
| 942 ## - ADDED ENTRY ELEMENTS (KOHA) |
| Source of classification or shelving scheme |
Dewey Decimal Classification |
| Koha item type |
Books |